000 00423nam a22001457a 4500
999 _c7614
_d7612
005 20210327130749.0
008 210315b ||||| |||| 00| 0 eng d
082 _a346.066
100 _aAIYAR, A.N.
_96466
245 _aREPORTS OF COMPANY CASES INCLUDING CASES OF BANKING AND INSURENCE [VOL-98]
260 _aCHENNAI
_bCOMPANY LAW INSTITUTE OF INDIA
_c1999
300 _a848; i-xxxvi,p
650 _aLAW
_95701
942 _cJRL